Library Banner

Tortora's principles of anatomy physiology / (Record no. 124982)

MARC details
000 -LEADER
fixed length control field 00596nam a2200205 4500
005 - DATE AND TIME OF LATEST TRANSACTION
control field 20211217095005.0
008 - FIXED-LENGTH DATA ELEMENTS--GENERAL INFORMATION
fixed length control field 211217b ||||| |||| 00| 0 eng d
020 ## - INTERNATIONAL STANDARD BOOK NUMBER
International Standard Book Number 9781119382928
040 ## - CATALOGING SOURCE
Transcribing agency PK-LaUMT
082 ## - DEWEY DECIMAL CLASSIFICATION NUMBER
Classification number 612
Item number TOR-T
100 ## - MAIN ENTRY--PERSONAL NAME
Personal name Tortora, Gerard J.
245 ## - TITLE STATEMENT
Title Tortora's principles of anatomy physiology /
Statement of responsibility, etc by Gerard J. Tortora and Bryan Derrickson
250 ## - EDITION STATEMENT
Edition statement Global ed.
260 ## - PUBLICATION, DISTRIBUTION, ETC. (IMPRINT)
Place of publication, distribution, etc Singapore :
Name of publisher, distributor, etc John Wiley,
Date of publication, distribution, etc 2017
300 ## - PHYSICAL DESCRIPTION
Extent 989 p.
Accompanying material Study guide 195 p.
650 ## - SUBJECT ADDED ENTRY--TOPICAL TERM
Topical term or geographic name as entry element Human anatomy
650 ## - SUBJECT ADDED ENTRY--TOPICAL TERM
Topical term or geographic name as entry element Human physiology
650 ## - SUBJECT ADDED ENTRY--TOPICAL TERM
Topical term or geographic name as entry element Humans physiology
942 ## - ADDED ENTRY ELEMENTS (KOHA)
Koha item type Books
Holdings
Withdrawn status Lost status Damaged status Home library Current library Date acquired Full call number Barcode Date last seen Price effective from Koha item type Copy number
      UMT Health Sciences Campus UMT Health Sciences Campus 2021-12-17 612 TOR-T 140271 2021-12-17 2021-12-17 Books  
      UMT Health Sciences Campus UMT Health Sciences Campus 2021-12-17 612 TOR-T 140272 2021-12-17 2021-12-17 Books C.2
      UMT Health Sciences Campus UMT Health Sciences Campus 2021-12-17 612 TOR-T 140273 2021-12-17 2021-12-17 Books C.3
      UMT Health Sciences Campus UMT Health Sciences Campus 2021-12-17 612 TOR-T 140274 2023-01-06 2021-12-17 Books C.4
      UMT Health Sciences Campus UMT Health Sciences Campus 2021-12-17 612 TOR-T 140275 2023-03-10 2021-12-17 Books C.5
      UMT Health Sciences Campus UMT Health Sciences Campus 2021-12-17 612 TOR-T 140276 2021-12-17 2021-12-17 Books C.6
      UMT Health Sciences Campus UMT Health Sciences Campus 2021-12-17 612 TOR-T 140277 2021-12-17 2021-12-17 Books C.7
      UMT Health Sciences Campus UMT Health Sciences Campus 2021-12-17 612 TOR-T 140278 2021-12-17 2021-12-17 Books C.8
      UMT Health Sciences Campus UMT Health Sciences Campus 2021-12-17 612 TOR-T 140271A 2021-12-17 2021-12-17 Books  
      UMT Health Sciences Campus UMT Health Sciences Campus 2021-12-17 612 TOR-T 140272A 2024-12-23 2021-12-17 Books C.2
      UMT Health Sciences Campus UMT Health Sciences Campus 2021-12-17 612 TOR-T 140273A 2025-04-15 2021-12-17 Books C.3
      UMT Health Sciences Campus UMT Health Sciences Campus 2021-12-17 612 TOR-T 140274A 2021-12-17 2021-12-17 Books C.4
      UMT Health Sciences Campus UMT Health Sciences Campus 2021-12-17 612 TOR-T 140275A 2021-12-17 2021-12-17 Books C.5
      UMT Health Sciences Campus UMT Health Sciences Campus 2021-12-17 612 TOR-T 140276A 2021-12-17 2021-12-17 Books C.6
      UMT Health Sciences Campus UMT Health Sciences Campus 2021-12-17 612 TOR-T 140277A 2023-12-13 2021-12-17 Books C.7
      UMT Health Sciences Campus UMT Health Sciences Campus 2021-12-17 612 TOR-T 140278A 2025-02-07 2021-12-17 Books C.8